[Event "Dimitrovgrad Teenagers op"]
[Site "Dimitrovgrad"]
[Date "2009.08.24"]
[Round "9"]
[White "Grechnov, Ivan"]
[Black "Mamedov, Damir"]
[Result "0-1"]
[WhiteElo "1794"]
[BlackElo "1531"]
[PlyCount "65"]
[EventDate "2009.08.19"]
[EventType "swiss"]
[EventRounds "9"]
[EventCountry "RUS"]
[SourceTitle "EXT 2017"]
[Source "ChessBase"]
[SourceDate "2016.10.25"]
[SourceVersion "1"]
[SourceVersionDate "2016.10.25"]
[SourceQuality "1"]

1. e4 c6 2. Nc3 d5 3. exd5 cxd5 4. d4 Nc6 5. Nf3 Bg4 6. Be3 e6 7. h3 Bh5 8. Be2 Nf6 9. a3 a6 10. Nd2 Bxe2 11. Qxe2 Bd6 12. Nf3 Rc8 13. Qd2 Qc7 14. 0-0 Na5 15. Qc1 Nc4 16. Bd2 b5 17. Rd1 0-0 18. Ra2 Rfe8 19. Nb1 Ne4 20. b3 Ncxd2 21. Nfxd2 Bf4 22. Rb2 e5 23. g3 Bh6 24. dxe5 Qxe5 25. Nf3 Bxc1 26. Nxe5 Bxb2 27. Nd3 Bf6 28. Nd2 Nxd2 29. Rxd2 Rcd8 30. Nb4 Bc3 31. Rxd5 Bxb4 32. Rxd8 Rxd8 33. axb4 0-1

[Event "Dimitrovgrad Teenagers op"]
[Site "Dimitrovgrad"]
[Date "2009.08.21"]
[Round "3"]
[White "Grechnov, Ivan"]
[Black "Mirzaev, Aziz"]
[Result "0-1"]
[WhiteElo "1794"]
[BlackElo "1873"]
[PlyCount "58"]
[EventDate "2009.08.19"]
[EventType "swiss"]
[EventRounds "9"]
[EventCountry "RUS"]
[SourceTitle "EXT 2017"]
[Source "ChessBase"]
[SourceDate "2016.10.25"]
[SourceVersion "1"]
[SourceVersionDate "2016.10.25"]
[SourceQuality "1"]

1. e4 c6 2. Nf3 d5 3. exd5 cxd5 4. d4 Nf6 5. Nc3 Bf5 6. Bd3 Bxd3 7. Qxd3 a6 8. 0-0 e6 9. Ne2 Nc6 10. a3 Be7 11. Ng3 Qc7 12. Re1 0-0 13. b3 Rac8 14. Bb2 Bd6 15. Re2 Bxg3 16. fxg3 Ne4 17. Nd2 f5 18. Rf1 Ne7 19. Nxe4 dxe4 20. Qd1 b5 21. Bc1 Nd5 22. Bf4 Qa5 23. Bd6 Rfd8 24. Bb4 Nxb4 25. axb4 Qxb4 26. Rd2 Rd5 27. Qc1 Rxd4 28. c3 Rxc3 29. Qb2 e3 0-1

[Event "Dimitrovgrad Teenagers op"]
[Site "Dimitrovgrad"]
[Date "2009.08.19"]
[Round "1"]
[White "Grechnov, Ivan"]
[Black "Krasnojarskij, Alexander"]
[Result "1-0"]
[WhiteElo "1794"]
[BlackElo "1794"]
[PlyCount "63"]
[EventDate "2009.08.19"]
[EventType "swiss"]
[EventRounds "9"]
[EventCountry "RUS"]
[SourceTitle "EXT 2017"]
[Source "ChessBase"]
[SourceDate "2016.10.25"]
[SourceVersion "1"]
[SourceVersionDate "2016.10.25"]
[SourceQuality "1"]

1. e4 e5 2. Nf3 Nf6 3. Bc4 c6 4. 0-0 d5 5. exd5 cxd5 6. Bb5+ Bd7 7. Bxd7+ Qxd7 8. Nxe5 Qc7 9. Nf3 Ng4 10. h3 Nf6 11. Qe2+ Be7 12. d4 0-0 13. Nc3 Nc6 14. Bg5 Rfe8 15. Qd2 h6 16. Bxf6 Bxf6 17. Nxd5 Qd6 18. Nxf6+ Qxf6 19. Rfe1 Kf8 20. d5 Ne5 21. Qb4+ Kg8 22. Nxe5 Rxe5 23. Rxe5 Qxe5 24. Qxb7 Re8 25. Qc6 Rd8 26. Qc3 Rxd5 27. Qxe5 Rxe5 28. Kf1 Kf8 29. Rd1 Ke7 30. Re1 Rxe1+ 31. Kxe1 Kd6 32. Kd2 1-0